[Event "ESP-ch Rapid 2018"]
[Site "Linares"]
[Date "2018.08.19"]
[Round "4"]
[White "Pallardo Lozoya, Jose Vicente"]
[Black "Riquelme Valero, Manuel Damian"]
[Result "1/2-1/2"]
[WhiteElo "2382"]
[BlackElo "2150"]
[Annotator "TA"]
[PlyCount "81"]
[EventDate "2018.08.19"]
[EventType "team-tourn"]
[EventCountry "ESP"]
[SourceTitle "playchess.com"]
[Source "ChessBase"]
[SourceQuality "1"]

{[%evp 14,81,19,-13,-5,0,-3,0,0,-13,3,-14,-11,-114,-123,-106,-106,-143,-126,-133,-124,-124,-126,-118,-106,-94,-68,-79,-69,-67,0,-19,-18,-31,2,0,0,0,26,21,40,20,8,0,0,0,0,0,0,0,0,0,0,0,0,0,0,0,0,0,0,0,0,0,0,0,0,0,0,0]} 1. e4 c6 2. Nc3 d5 3. Nf3 dxe4 4. Nxe4 Nf6 5. Nxf6+ exf6 6. d4 Bd6 7. Be3 O-O {B15: Caro-Kann: 3 Nc3: 3...g6 and 3...dxe4 4 Nxe4 Nf6 5 Nxf6+ exf6} 8. Qd2 {LiveBook: 11 Games} Qc7 9. c4 $146 ({Predecessor:} 9. O-O-O Be6 10. Kb1 b5 11. Be2 Nd7 12. g4 Nb6 13. g5 f5 14. Qa5 Bd5 15. h4 {0-1 (35) Bibiloni,J (2178)-Moreda,L (2329) Buenos Aires 2005}) 9... Re8 10. Be2 Nd7 11. c5 Bf8 12. Bf4 Qd8 13. O-O (13. Qc2 $11) 13... Nxc5 $1 $17 14. dxc5 Qxd2 15. Bxd2 Rxe2 16. b4 Bg4 17. Be3 Bxf3 18. gxf3 Rb2 19. Rfb1 Rxb1+ 20. Rxb1 {[%mdl 4096] Endgame KRB-KRB} b5 21. a4 Rb8 ({Better is} 21... a6 $15) 22. axb5 Rxb5 {Threatens to win with ...a5.} 23. Ra1 $1 g5 24. Rxa7 {Black must now prevent Bd2.} Rxb4 25. Rc7 f5 26. Bxg5 {Hoping for Rc8.} Bxc5 27. Rxc6 (27. Rc8+ {seems wilder.} Kg7 28. Rxc6 f6 29. Bxf6+ Kf7 30. Kg2) 27... Bd4 {The position is equal.} 28. Rd6 (28. Bh6 {keeps more tension.} f6 29. Rc7 Be5 30. Rg7+ Kh8 31. Rf7) 28... Be5 29. Ra6 Bd4 30. Ra5 f6 31. Be3 f4 32. Bxd4 Rxd4 $11 {KR-KR} 33. Ra7 Rd5 34. Ra4 Rf5 35. Kg2 Kg7 36. Kh3 Kg6 37. Kg4 Rg5+ 38. Kxf4 Rg2 39. h4 Rxf2 40. Ra5 h5 41. Ke4 {Precision: White = 51%, Black = 62%.} 1/2-1/2

[Event "ESP-ch Rapid 2018"]
[Site "Linares"]
[Date "2018.08.19"]
[Round "4"]
[White "Matnadze, Ana"]
[Black "Llobell Cortell, Enrique"]
[Result "0-1"]
[WhiteElo "2378"]
[BlackElo "2411"]
[Annotator "TA"]
[PlyCount "94"]
[EventDate "2018.08.19"]
[EventType "team-tourn"]
[EventCountry "ESP"]
[SourceTitle "playchess.com"]
[Source "ChessBase"]
[SourceQuality "1"]

{[%evp 22,94,0,0,0,0,0,0,7,0,28,0,0,-50,0,0,0,0,0,-29,-19,-27,-5,-79,-71,-104,-115,-101,7,-112,-109,-110,-112,-110,-108,-107,-93,-129,-131,-140,-105,-108,-107,-112,-104,-112,-118,-128,-123,-119,-118,-141,-140,-351,-117,-500,-500,-491,-484,-455,-462,-500,-500,-500,-500,-500,-500,-500,-500,-500,-500,-500,-493,-5674,-5651]} 1. d4 Nf6 2. Nf3 d5 3. g3 Bf5 4. Bg2 e6 5. O-O Be7 6. c4 c6 7. Nc3 Nbd7 8. Qb3 Qb6 9. c5 {D11: Slav Defence: 3 Nf3 sidelines and 3...Nf6 4 e3 Bg4} Qxb3 10. axb3 a6 11. b4 O-O (11... Rc8 12. h3 h6 13. g4 Bh7 14. Bf4 Ne4 15. e3 g5 16. Bh2 h5 17. Nxe4 Bxe4 {0-1 (40) Mozharov,M (2573)-Onischuk,A (2662) Moscow 2015}) 12. Nd2 {[%cal Bf3d2,Bd2b3,Bb3d4][%mdl 32] LiveBook: 6 Games} e5 13. dxe5 Nxe5 14. Nb3 Rad8 15. Nd4 Bc8 16. h3 $146 ({Predecessor:} 16. f4 Ned7 17. h3 Rfe8 18. Bd2 Bf8 19. Kh2 {0-1 (35) Kosasih,C (2422)-Megaranto,S (2364) Surabaya 2002}) 16... Rfe8 17. g4 h6 18. Bf4 Bf8 19. Rfd1 g6 20. Bg3 Bg7 21. b3 Ne4 22. Nxe4 (22. Bxe4 $11 {keeps the balance.} dxe4 23. Nxe4) 22... dxe4 $17 23. e3 Nd3 $36 {[%mdl 2048] Black has strong initiative.} 24. Bxe4 Nb2 (24... Bxd4 $17 25. exd4 Rxe4 26. Rxd3 Rdxd4 27. Rxd4 Rxd4) 25. Rd2 (25. Bxc6 $1 $11 Nxd1 26. Bxe8) 25... Rxe4 26. Rxb2 Bxd4 27. exd4 Rexd4 28. Re1 Be6 ({Much worse is} 28... Rxb4 $6 29. Bc7 $11) 29. Bd6 Rxb4 30. Re3 a5 {[#] Strongly threatening ...a4.} 31. Ra2 Rb5 32. Ra3 b6 33. Rc3 bxc5 34. Bxc5 Rd1+ 35. Kg2 Rb1 {[%cal Re6b3]} 36. b4 Bd5+ ({Don't take} 36... axb4 37. Ra8+ Kg7 38. Bd4+ f6 39. Ra7+ Kf8 40. Re3 $15) 37. Kg3 $2 {[#]} (37. f3 $17 R1xb4 38. Bxb4 axb4 39. Ra8+ Kg7 40. Rc2) 37... R1xb4 $2 (37... axb4 $19 {is more deadly.} 38. Ra8+ Kh7) 38. Bxb4 $4 {[%mdl 8192]} (38. Rxa5 $17 Rxg4+ 39. hxg4 Rxa5 40. f4) 38... axb4 $19 {[%mdl 4096] Endgame KRR-KRB. Black is clearly winning.} 39. Ra8+ Kg7 40. Rc2 c5 41. Rc8 c4 $1 42. Kf4 c3 43. Rc1 b3 44. R8xc3 b2 45. Rb1 {White wants to play Rc2.} Ba2 46. Rxb2 Rxb2 47. Kg3 (47. f3 $142) 47... Rb3 {Precision: White = 23%, Black = 55%.} 0-1

[Event "ESP-ch Rapid 2018"]
[Site "Linares"]
[Date "2018.08.19"]
[Round "4"]
[White "Garcia Cuenca, Victor"]
[Black "Huerga Leache, Mikel"]
[Result "1-0"]
[WhiteElo "2351"]
[BlackElo "2451"]
[Annotator "TA"]
[PlyCount "94"]
[EventDate "2018.08.19"]
[EventType "team-tourn"]
[EventCountry "ESP"]
[SourceTitle "playchess.com"]
[Source "ChessBase"]
[SourceQuality "1"]

{[%evp 24,94,58,31,78,59,89,102,112,110,123,126,137,117,109,108,105,55,81,51,51,54,130,116,127,116,147,146,146,143,144,135,150,136,147,139,145,116,123,119,119,132,135,141,154,157,153,133,130,131,167,158,159,161,166,166,237,118,120,80,91,87,145,135,138,138,291,141,241,222,246,-907,-445]} 1. d4 {[%cal Bd2d4,Bd4d5][%mdl 32]} Nf6 2. c4 c5 3. d5 b5 4. cxb5 a6 5. bxa6 g6 6. g3 d6 7. Bg2 Bg7 8. Nf3 Nbd7 9. Nc3 Bxa6 10. Rb1 O-O 11. O-O Qa5 12. Qc2 Rfb8 13. Rd1 {LiveBook: 52 Games} Qc7 {A58: Benko/Volga Gambit: Lines with 5 bxa6} (13... Ng4 14. Bd2 Nge5 15. Nxe5 Nxe5 16. b3 Bc8 17. Na4 Qa6 18. Bc3 Bf5 19. Be4 Bd7 20. f4 Ng4 21. Bxg7 Kxg7 {0-1 (36) Johannessen,L (2559)-Carlsen,M (2646) Tromsoe 2006}) 14. b3 Nb6 15. a4 $146 ({Predecessor:} 15. Bb2 Bb7 16. e4 Nfd7 17. Nb5 Qd8 18. Bxg7 Kxg7 19. Nc3 Bc8 20. Ra1 {1-0 (51) Jackson,L (1984)-Kay,B (1744) Wellington 2014}) 15... Qb7 {[%cal Rf6d5] White is better.} 16. e4 Ng4 17. h3 Ne5 18. Nxe5 Bxe5 19. Be3 Nd7 20. Bf1 Bxf1 21. Kxf1 Bxc3 $1 22. Qxc3 Qb4 (22... Qa6+ $14 23. Kg2 Rb4) 23. Qc2 $16 Nf6 24. f3 Nd7 25. Bd2 Qb7 26. Bc3 Qa6+ 27. Qe2 Rb7 28. Qxa6 Rxa6 29. a5 Ra8 30. b4 cxb4 31. Rxb4 Rc7 32. Rb3 Nc5 33. Ra3 Rb8 34. Bd4 Na6 35. Rc3 Rxc3 36. Bxc3 {[%mdl 4096] Endgame KRB-KRN} Rb3 {[#]} 37. Rc1 $1 f5 38. Ke2 fxe4 39. fxe4 {[%cal Bf3e4,Be4e5,Be5e6][%mdl 32]} Ra3 (39... Kf7 $142 40. Kd3 e5 41. dxe6+ Kxe6) 40. Be1 (40. e5 $18 {is more deadly.}) 40... Ra4 41. Kf3 Nc5 42. e5 $1 Ra3+ {[#]} ({Black should try} 42... Nd3 43. exd6 exd6 44. Rc8+ Kf7) 43. Ke2 $1 {Hoping for Bb4.} Ra2+ 44. Kd1 Kf7 $2 (44... g5 $16 45. exd6 exd6) 45. Bc3 (45. e6+ $18 Kf8 46. Rb1) 45... Ne4 (45... Ke8 $16) 46. e6+ $18 Kg8 47. Ba1 $4 {[%mdl 8192]} (47. Be1 $18) 47... Nf2+ {[%mdl 32768] Precision: White = 46%, Black = 36%. . Loss on Time!?} 1-0

[Event "ESP-ch Rapid 2018"]
[Site "Linares"]
[Date "2018.08.19"]
[Round "4"]
[White "Estremera Panos, Sergio"]
[Black "Centron Antuna, Daniel"]
[Result "1/2-1/2"]
[WhiteElo "2337"]
[BlackElo "2231"]
[Annotator "TA"]
[PlyCount "88"]
[EventDate "2018.08.19"]
[EventType "team-tourn"]
[EventCountry "ESP"]
[SourceTitle "playchess.com"]
[Source "ChessBase"]
[SourceQuality "1"]

{[%evp 27,88,28,35,0,19,16,28,15,50,59,43,0,114,46,75,68,68,60,84,74,72,66,68,58,79,75,97,57,57,64,62,55,60,0,0,0,0,0,0,0,0,-12,-10,-44,-44,-44,-44,-51,-52,-52,-52,-52,-52,-52,-52,-66,-31,-37,-37,-37,0,0,0]} 1. d4 f5 2. g3 Nf6 3. Bg2 g6 4. Nf3 Bg7 5. O-O O-O 6. c4 d6 7. Nc3 Nc6 8. d5 Ne5 9. Qb3 Nxf3+ 10. Bxf3 {A89: Dutch Defence: Leningrad System: 5 Nf3 0-0 6 0-0 d6 7 Nc3 Nc6} (10. exf3 e5 11. dxe6 Bxe6 12. Qxb7 Bxc4 13. Rd1 Qd7 14. Qb4 Bf7 15. Be3 a5 16. Qa3 Rfe8 17. Rac1 a4 {½-½ (30) Esen,B (2508)-Kobalia,M (2646) Gjakova 2016}) 10... Nd7 11. Bg2 Nc5 12. Qc2 e5 13. dxe6 Bxe6 14. b3 c6 {LiveBook: 3 Games} 15. Bb2 Qe7 16. e3 Rae8 $146 ({Predecessor:} 16... a5 17. Ne2 Be5 18. Bd4 Bf7 19. Qc3 {½-½ (26) Vidit,S (2459)-Swiercz,D (2493) Kemer 2009}) 17. Rad1 Bc8 18. Rd2 g5 19. Rfd1 Rd8 {[#]} (19... f4 $1 $11 {keeps the balance.} 20. exf4 Bf5) 20. Ne2 (20. b4 $1 $16) 20... Ne4 21. Bxg7 Kxg7 22. Rd4 c5 23. R4d3 b6 24. Nc3 Bb7 25. Nd5 Qf7 26. Qb2+ Kg6 27. f3 Nf6 28. Nxf6 Qxf6 29. Qd2 {[%cal Rd3d6]} Rfe8 30. Rxd6 (30. f4 $14 Bxg2 31. Qxg2 (31. Kxg2 g4 $14)) 30... Rxd6 $11 31. Qxd6 Rxe3 32. Qb8 Qe7 $1 33. Qd6+ Kf7 {[#] ( -> ...Re1+)} 34. Qxe7+ Kxe7 {[%mdl 4096] Endgame KRB-KRB} 35. Kf2 f4 36. Rd2 a5 37. gxf4 gxf4 38. Re2 Rxe2+ 39. Kxe2 $15 {KB-KB} Kf6 40. Kd3 Ke5 41. Kc3 h5 42. h4 Bc6 43. a4 Bd7 44. Bf1 Bf5 {Precision: White = 63%, Black = 39%.} 1/2-1/2

[Event "ESP-ch Rapid 2018"]
[Site "Linares"]
[Date "2018.08.19"]
[Round "4"]
[White "Gavilan Diaz, Mario"]
[Black "Vazquez Pino, Miguel A"]
[Result "1-0"]
[WhiteElo "2334"]
[BlackElo "1909"]
[Annotator "TA"]
[PlyCount "81"]
[EventDate "2018.08.19"]
[EventType "team-tourn"]
[EventCountry "ESP"]
[SourceTitle "playchess.com"]
[Source "ChessBase"]
[SourceQuality "1"]

{[%evp 20,81,47,31,92,37,41,51,102,58,74,69,75,74,93,95,93,100,116,93,110,86,163,70,151,101,126,104,231,232,236,245,333,306,704,448,828,824,822,810,820,811,771,744,685,515,464,319,304,277,284,280,499,501,505,514,494,508,507,502,510,510,582,567]} 1. d4 Nf6 2. c4 e6 3. Nf3 b6 4. g3 Bb7 5. Bg2 d5 6. O-O Nbd7 7. cxd5 exd5 8. Nc3 {E16: Queen's Indian: 4 g3 Bb7 5 Bg2 Bb4+} Be7 9. Bf4 a6 (9... O-O 10. Rc1 c6 11. Ne1 Rc8 12. Nc2 Re8 13. Qd3 g6 14. Bf3 Nf8 15. Rfd1 Ne6 16. Bh6 Qd7 17. Ne3 Kh8 18. Ng4 Nxg4 19. Bxg4 {1-0 (44) Huber,M (2405)-Handler,L (2387) Austria 2018}) 10. Rc1 O-O 11. Ne5 {LiveBook: 6 Games} h6 (11... Re8 $14) 12. Qa4 $146 (12. Nxd7 $16 Qxd7 13. Bxc7 $1 {[%mdl 512]}) ({Predecessor:} 12. Qb3 c6 13. Rfd1 g5 14. Nxd7 Nxd7 15. Bd2 b5 16. e4 Nb6 17. exd5 cxd5 {½-½ (75) Malikentzos,S (2232)-Dimopoulos,D (1889) Peristeri 2010}) 12... b5 $1 $14 {[%cal Rb5a4]} 13. Qc2 Nb6 ({Black should try} 13... Re8 $14) 14. Rfd1 Rc8 15. Bh3 Rb8 16. a4 b4 {[#]} 17. Nb1 $1 {[%cal Bc3b1,Bb1d2,Bd2f3][%mdl 32]} Bd6 18. Nd2 Re8 19. a5 Nbd7 {[%cal Rd7e5]} 20. Ndf3 Qe7 (20... Nf8 $16 {was called for.}) 21. Qa4 (21. e3 $18) 21... Rbd8 ({Black should play} 21... Nf8 $1 $14) 22. Rc2 g5 23. Nxd7 Nxd7 (23... gxf4 $16 24. Nc5 Rb8) 24. Bxd6 $18 Qxd6 25. Rdc1 {[%cal Bd1c1,Bc1c6,Bc6f6][%mdl 32]} Nf6 {Threatening ...g4.} 26. Ne5 Re7 $2 (26... Kg7 27. Rxc7 Re7) 27. Nc6 Rde8 (27... Ne8 $142 28. e3 (28. Qxb4 Bxc6 29. Qxd6 Rxd6 $16) 28... h5) 28. Nxe7+ Rxe7 {[#]} 29. Rc6 $1 {[%mdl 512]} Bxc6 30. Rxc6 Qd8 31. Rxf6 Rxe2 32. Rf3 Qe7 33. Qd7 Qxd7 34. Bxd7 Rxb2 {[%mdl 4096] Endgame KRB-KR} 35. Bc6 Kg7 $2 (35... Ra2 36. Bxd5 Rxa5) 36. Bxd5 {White is clearly winning.} f6 37. Rb3 Ra2 38. Rxb4 Rxa5 39. Bc6 Ra1+ 40. Kg2 Rd1 41. d5 {Precision: White = 58%, Black = 22%.} 1-0

[Event "ESP-ch Rapid 2018"]
[Site "Linares"]
[Date "2018.08.19"]
[Round "4"]
[White "Domingo Nunez, Ruben"]
[Black "Suarez Uriel, Adrian"]
[Result "1/2-1/2"]
[WhiteElo "2318"]
[BlackElo "2391"]
[Annotator "TA"]
[PlyCount "151"]
[EventDate "2018.08.19"]
[EventType "team-tourn"]
[EventCountry "ESP"]
[SourceTitle "playchess.com"]
[Source "ChessBase"]
[SourceQuality "1"]

{[%evp 17,151,-39,-37,-56,-50,-42,-18,-31,-17,-17,-17,-17,-17,-17,-17,-14,-13,-10,0,0,47,-2,0,0,5,-8,0,0,0,0,23,27,31,33,79,64,81,82,80,83,96,98,87,0,0,0,0,0,0,0,0,0,4,0,0,0,0,0,0,-1,-2,-8,0,-2,-2,-14,0,-3,-3,-3,0,0,-6,-6,0,0,0,0,0,0,0,0,0,-16,-9,-37,0,0,0,0,0,0,0,0,0,0,0,0,0,0,0,0,0,0,0,0,0,0,0,0,0,0,0,0,0,0,0,0,0,0,0,0,0,0,0,0,0,0,0,0,0,0,0,0,0,0]} 1. Nf3 Nf6 2. g3 g6 3. Bg2 Bg7 4. O-O O-O 5. d3 d5 6. Nbd2 c5 7. c4 Nc6 {A08: King's Indian Attack} 8. Rb1 d4 (8... dxc4 9. Nxc4 Be6 10. a3 Rc8 11. Ng5 Bd5 12. Bh3 Bxc4 13. dxc4 Qxd1 14. Rxd1 Rcd8 15. Be3 {0-1 (50) Sipila,V (2463)-Stefansson,H (2539) Warsaw 2013}) 9. a3 a5 $1 {LiveBook: 3 Games. Black is slightly better.} 10. b3 Re8 $146 ({Predecessor:} 10... Qc7 11. Ne1 e5 12. Nc2 Re8 {½-½ (33) Foster,T (1865)-Savage,N (2017) Wakefield 2017}) 11. Ne1 {[%cal Bf3e1,Be1c2,Bc2a3,Ba3b5][%mdl 32]} Qc7 12. Nc2 b6 13. b4 axb4 14. axb4 {[#] Black must now prevent b5.} Bb7 $1 15. Nb3 Nd7 16. bxc5 bxc5 17. Na3 Reb8 18. Nb5 Qb6 19. Bf4 {Strongly threatening Bc7.} Nce5 20. Bxb7 Rxb7 21. Nd2 Qc6 22. Ra1 $36 {[%mdl 2048] White has some pressure.} Rxa1 23. Qxa1 Rb6 24. Qa5 h6 25. Ra1 f5 26. Qa8+ Qxa8 27. Rxa8+ Kf7 {[#]} 28. Nb3 $1 Nc6 29. Bc7 Rb7 30. Bd6 (30. h4 $16) 30... Na7 $1 $11 {[%cal Ra7b5]} 31. Rxa7 Rxa7 32. Nxa7 exd6 {[%mdl 4096] Endgame KBN-KNN} 33. Nb5 Bf8 34. Na5 Nb6 35. Nb7 d5 36. cxd5 Nxd5 37. Kf1 Be7 38. Ke1 Ke6 39. Na5 Nf6 40. h3 Nd5 41. Nc4 g5 42. Kf1 h5 43. Nba3 h4 44. Kg2 hxg3 45. fxg3 Bd8 46. Nc2 Bc7 47. Kf3 Nb4 48. N2a3 Nc6 49. Kg2 g4 50. h4 Ne7 51. Nc2 f4 52. gxf4 {The position is equal.} Bxf4 53. e3 dxe3 54. N2xe3 Ng6 55. h5 Nh4+ 56. Kf2 g3+ 57. Kf1 Kf7 58. Ng2 Nxg2 59. Kxg2 {KB-KN} Kf6 60. Kf3 Bc7 61. Ne3 Kg5 62. h6 Be5 63. h7 Kg6 64. Ng4 (64. d4 {feels hotter.} Bxd4 65. h8=Q Bxh8) 64... Bg7 (64... Bd4 {with more complications.} 65. Kxg3 Kxh7) 65. Kxg3 Kxh7 66. Kf3 Kg6 67. Ke4 Kf7 68. Kd5 Ke7 69. Ne5 Kd8 70. Ng6 Bd4 71. Nf4 Kd7 72. Ne6 Bg1 73. Nxc5+ Kc7 74. Ne6+ Kd7 75. Nc5+ Kc7 76. Ke4 {Precision: White = 78%, Black = 62%.} 1/2-1/2

[Event "ESP-ch Rapid 2018"]
[Site "Linares"]
[Date "2018.08.19"]
[Round "4"]
[White "Calzetta Ruiz, Monica"]
[Black "Lianes Garcia, Marcos"]
[Result "0-1"]
[WhiteElo "2302"]
[BlackElo "2340"]
[Annotator "TA"]
[PlyCount "42"]
[EventDate "2018.08.19"]
[EventType "team-tourn"]
[EventCountry "ESP"]
[SourceTitle "playchess.com"]
[Source "ChessBase"]
[SourceQuality "1"]

{[%evp 9,41,31,60,64,70,45,43,45,68,0,8,8,2,-223,-218,-256,-245,-238,-211,-216,-177,-180,-179,-173,-88,-89,-89,-203,-203,-193,-194,-927,-916,-29999]} 1. e4 g6 2. d4 Bg7 3. Nc3 c5 4. Nf3 Qa5 5. d5 (5. Be2 Nc6 6. Be3 Nf6 7. O-O Ng4 8. Bd2 cxd4 9. Nxd4 Nxd4 10. Bxg4 d6 11. Nd5 Bxg4 12. Bxa5 Bxd1 13. Rfxd1 Rc8 14. Rd2 {1-0 (69) Rasulov,V (2506)-Iskandarov,M (2396) Cesme 2014}) 5... d6 6. Bd2 {B76: Sicilian Dragon: Yugoslav Attack, 9 g4 and 9 0-0-0} Nf6 7. Bd3 $146 ({Predecessor:} 7. h3 O-O 8. Bd3 a6 9. O-O Qc7 10. a4 e6 11. dxe6 Bxe6 12. Ng5 Nc6 13. Nxe6 fxe6 {0-1 (48) Wallner,D (2082)-Danner,G (2312) Graz 2017}) 7... O-O 8. O-O {White is slightly better.} e6 9. e5 (9. Bf4 $14) 9... dxe5 $11 10. Nxe5 Qc7 11. Nb5 $2 (11. Bf4 $1 $11 Qd8 12. Bc4 exd5 13. Bxd5 (13. Nxd5 Nh5 $14) 13... Nxd5 14. Qxd5) 11... Qxe5 $19 12. Bc3 Qxd5 13. Nc7 Qc6 14. Nxa8 b6 15. Qf3 {[#]} Qxf3 $1 16. gxf3 Bb7 (16... Nd5 $19 {aiming for ...Bb7.} 17. Bxg7 Kxg7) 17. Nc7 $17 Bxf3 18. a4 {[#]} (18. Rfe1 $17 {might work better.}) 18... c4 $1 $19 {[%cal Rc4d3][%mdl 512]} 19. Bxc4 Rc8 {[%cal Bf8c8,Bc8c4,Bc4g4][%mdl 32]} 20. Na6 $2 (20. Ra3 Bf8 21. Bxf6 Bxa3 22. bxa3 Rxc7 23. Bb3) 20... Rxc4 {[%cal Rc4g4]} 21. Nxb8 Rg4# {Precision: White = 25%, Black = 71%.} 0-1

[Event "ESP-ch Rapid 2018"]
[Site "Linares"]
[Date "2018.08.19"]
[Round "4"]
[White "Buendia Pinar, Alvaro"]
[Black "Arjol Lopez, Daniel"]
[Result "1-0"]
[WhiteElo "2278"]
[BlackElo "2137"]
[Annotator "TA"]
[PlyCount "85"]
[EventDate "2018.08.19"]
[EventType "team-tourn"]
[EventCountry "ESP"]
[SourceTitle "playchess.com"]
[Source "ChessBase"]
[SourceQuality "1"]

{[%evp 14,85,21,0,21,10,37,19,64,20,18,26,39,29,35,0,31,33,30,27,163,151,155,161,168,164,160,105,96,85,91,92,85,85,139,133,167,126,234,229,531,498,658,653,644,634,750,749,747,728,728,362,681,0,703,671,662,635,1037,1021,893,680,887,736,29992,12840,12840,12840,29994,29993,29996,29989,29997,29997]} 1. d4 Nf6 2. Nf3 e6 3. g3 c5 4. Bg2 d5 5. O-O Nc6 6. b3 cxd4 7. Nxd4 Bc5 8. Bb2 {LiveBook: 33 Games} Qb6 {[%cal Rc5d4] D02: 1 d4 d5 2 Nf3 sidelines, including 2...Nf6 3 g3 and 2...Nf6 3 Bf4} (8... O-O 9. c4 Bd7 10. cxd5 Nxd5 11. Nc2 Qe7 12. Nd2 a5 13. a3 Rfd8 14. e3 Nf6 15. Qe2 e5 16. Rfd1 Bg4 {0-1 (49) Erdos,V (2616)-Kraemer,M (2574) Germany 2016}) 9. e3 Nxd4 10. exd4 Bb4 {The position is equal.} 11. c3 Be7 12. Nd2 Bd7 13. c4 O-O $146 ({Predecessor:} 13... Bc6 14. c5 Qc7 15. b4 a5 16. a3 b6 17. Qe2 {½-½ (41) Powell,C-Davis,L San Francisco 1985}) 14. c5 Qa6 15. a4 b6 16. b4 $36 {[%mdl 2048] Strongly threatening b5. White is more active.} Rfb8 (16... bxc5 $11 {and Black stays safe.} 17. bxc5 (17. dxc5 Qb7 $11) 17... Qd3) 17. b5 $18 Bxb5 18. axb5 Qxb5 19. Ba3 bxc5 20. Bxc5 (20. Qc2 $142) 20... Bxc5 $16 21. dxc5 Qxc5 22. Qc1 Qxc1 23. Rfxc1 Rb2 {[#]} (23... a5 $142) 24. Rxa7 $1 {[%mdl 512]} Rab8 (24... Rxa7 25. Rc8+) 25. Nf1 d4 (25... Ne8 $16 26. Ne3 g6) 26. Rcc7 $18 d3 $2 (26... Rf8 27. Rc4 e5) 27. Rxf7 d2 28. Rxg7+ Kh8 29. Bf3 Rb1 30. Rgf7 Nd5 31. Rxh7+ Kg8 32. Rag7+ Kf8 33. Ra7 {[%cal Rh7h8] [#]} Kg8 34. Bg4 Re8 35. Kg2 Nf6 36. Rhg7+ Kh8 37. Ne3 Re1 38. Bf3 e5 39. Rgf7 (39. Ng4 $142 Rf8 40. Nxf6 Rxf6 41. Rh7+ Kg8 42. Bd5+ Rf7 43. Rhxf7 Rg1+ 44. Kh3 Rxg3+ 45. Kxg3 d1=Q 46. Ra8#) 39... e4 40. Bd1 Re6 41. Bb3 {White mates.} Rxe3 42. fxe3 Nd7 43. Raxd7 {Precision: White = 49%, Black = 19%.} 1-0

[Event "ESP-ch Rapid 2018"]
[Site "Linares"]
[Date "2018.08.19"]
[Round "4"]
[White "Tudela Corbalan, Carlos"]
[Black "Bento Iglesias, Pablo"]
[Result "0-1"]
[WhiteElo "2246"]
[BlackElo "2007"]
[Annotator "TA"]
[PlyCount "62"]
[EventDate "2018.08.19"]
[EventType "team-tourn"]
[EventCountry "ESP"]
[SourceTitle "playchess.com"]
[Source "ChessBase"]
[SourceQuality "1"]

{[%evp 17,62,12,13,20,23,11,30,25,37,25,24,-14,-12,-14,11,6,15,18,29,10,65,68,92,18,165,12,60,0,28,34,44,36,117,-136,-136,-136,-136,-136,-136,-136,-136,-136,-136,-136,-136,-639,-610]} 1. c4 e6 2. b3 b6 3. Bb2 Bb7 4. d3 Nf6 5. Nd2 Be7 6. Ngf3 O-O 7. g3 c5 8. Bg2 d6 9. O-O Nbd7 {LiveBook: 4 Games. A30: Symmetrical English: Double Fianchetto and Hedgehog} 10. a3 Qc7 11. b4 cxb4 $146 {The position is equal.} ({Predecessor:} 11... d5 12. cxd5 Bxd5 13. b5 a6 {½-½ (29) Dominguez,J (2240)-Munoz Santana,J (2436) Santo Domingo 2018}) 12. axb4 d5 13. Ba3 a5 14. Qb3 dxc4 15. Nxc4 {With the idea bxa5.} Bd5 {aiming for ...b5.} 16. bxa5 Bxa3 17. Rxa3 bxa5 18. Rfa1 Rfb8 ({Better is} 18... Bxc4 $11 19. Qxc4 Qxc4 20. dxc4 Rac8) 19. Qc3 $14 Bxc4 20. dxc4 (20. Nd2 $16 Ra6 21. Rxa5 (21. Nxc4 a4 $11) (21. Qxc4 Qa7 $14) (21. dxc4 Rb4 $11) 21... Rxa5 22. Rxa5) 20... Rb4 {[#]} (20... Ra6 $11 {and Black has nothing to worry.}) 21. Nd2 $2 (21. Qxb4 $1 $18 {[%mdl 512]} axb4 22. Rxa8+ Nf8 23. R1a7) 21... Ra7 22. e3 ({White should play} 22. Qxb4 $14 axb4 23. Rxa7) 22... Qb6 23. Nb3 {c5 is the strong threat.} a4 {[%cal Rb4b3]} 24. c5 Qb8 {[%cal Rb4b3] [#]} 25. c6 $2 {[%mdl 8192]} (25. Nd4 $1 $16 {[%cal Rd4c6] stays on course. Black must now prevent Nc6.} Rb1+ 26. Bf1) 25... Rxb3 $17 26. Rxb3 axb3 27. Rxa7 b2 $36 {[%mdl 2048] Keeping White busy.} 28. cxd7 b1=Q+ 29. Bf1 {[#] White wants to mate with Qc8+.} Q1b6 $1 {[%cal Rb6d8] Threatens to win with ...Q6d8.} 30. Qc8+ Qd8 31. Bb5 $2 {[%mdl 8192]} (31. Bg2 $17 Nd5 32. Bxd5 exd5 33. Qa6) 31... Qbxc8 {Precision: White = 31%, Black = 46%.} 0-1